000 00548nam a2200169 a 4500
001 000045777
005 20201002052434.0
008 150512s2004 dr 000 p spa d
040 _aDO-SdBNP
_bspa
_cBNPHU
082 _axxxx
_bxxxx
245 0 0 _aVoces metapoéticas :
_bantología /
_cprólogo, selección y notas de Joel Almonó.
260 _aSanto Domingo :
_bEl Nuevo Diario,
_c2004.
300 _a210 p. ;
_c21 cm.
490 1 _aPapeles de la metapoesía
700 1 2 _aAlmonó, Joel,
_epról
_924326
830 0 _aPapeles de la metapoesía
_973861
999 _c45266
_d45266